000 00772nam a2200253Ia 4500
003 OSt
005 20220928124332.0
006 a|||||r|||| 00| 0
007 ta
008 220927b |||||||| |||| 00| 0 eng d
020 _c1908.71
024 _a126104
037 _b230, 06/01/2015, Classic Book Service
_cTextual
040 _aSDCL
_cSDCL
_beng
041 _2eng
_aeng
082 _aV1:5'P, Q3
100 _aDeaton Angus
245 0 _aGreat escape
_b Health,wealth and the origins of inequality
260 _aPrinceton
_bPrinceton University Press
_c2013
300 _axv;360p.
_ccm.
650 _aBusiness Economics
_9391653
942 _hV1:5'P, Q3
_cTEXL
_2CC
999 _c777352
_d777352